Povinnosti zamestnávateľa a ochrana osobných údajov

Zamestnávateľ vykonávajúci spracovanie miezd a personálnej agendy prichádza do neustáleho kontaktu s osobnými údajmi jednotlivých zamestnancov. Preto musí pri svojej činnosti dodržiavať ustanovenia zákona č. 18/2018 Z. z. o ochrane osobných údajov v znení neskorších predpisov.

Salvato in:
Dettagli Bibliografici
Autore principale: Cingelová, Zuzana
Natura: Capitolo di libro
Lingua:slovacco
Soggetti:
Tags: Aggiungi Tag
Nessun Tag, puoi essere il primo ad aggiungerne!!

MARC

LEADER 00000naa a2200000 4500
001 0280919
005 20240417075150.6
041 0 |a slo 
044 |a SK 
245 1 0 |a Povinnosti zamestnávateľa a ochrana osobných údajov  |c Zuzana Cingelová 
520 |a Zamestnávateľ vykonávajúci spracovanie miezd a personálnej agendy prichádza do neustáleho kontaktu s osobnými údajmi jednotlivých zamestnancov. Preto musí pri svojej činnosti dodržiavať ustanovenia zákona č. 18/2018 Z. z. o ochrane osobných údajov v znení neskorších predpisov. 
610 2 0 |a povinnosti zamestnávateľov 
610 2 0 |a ochrana údajov osobných 
610 2 0 |a zamestnanci 
610 2 0 |a legislatíva 
100 1 |a Cingelová, Zuzana